000 00676nam a2200241Ia 4500
003 OSt
005 20221006145313.0
006 a|||||r|||| 00| 0
007 ta
008 221006b |||||||| |||| 00| 0 eng d
020 _c
_100.00
024 _a14,407
037 _cTextual
040 _aEASL
_cEASL
_beng
041 _2eng
_aeng
082 _aNA41,D,8:(Y:345), L4
100 _aHENTZE C
_942106
245 0 _aChinese tomb figures
_bA study in the belief and folklore of ancient China
260 _aLondon
_bEdward Goldston
_c1974
300 _a114p.
_ccm.
942 _hNA41,D,8:(Y:345), L4
_cTEXL
_2CC
999 _c1082493
_d1082493